Principes de l'electrochimie /

Bibliographic Details
Main Author: Ponsinet, J.
Format: Book
Language:French
Published: Paris : A. Colin, 1948.
Edition:4. ed.
Series:Collection Armand Colin (Section de physique) no 87
Subjects:

MARC

Tag First Indicator Second Indicator Subfields
LEADER 00000cam a2200000 4500
001 in00000046701
005 20151007075343.0
008 800613s1948 fr a 00010 fre d
035 |a (OCoLC)06417821 
035 |9 AAF3067AM 
040 |a TXA  |c TXA  |d UtOrBLW 
049 |a TXAM  |c [302993] 
090 |a QD553  |b .P6 1948 
092 |a 541.37  |b P798p, 1948 
100 1 |a Ponsinet, J. 
245 1 0 |a Principes de l'electrochimie /  |c par J. Ponsinet ... 
250 |a 4. ed. 
264 1 |a Paris :  |b A. Colin,  |c 1948. 
300 |a 2 pages ., 215 pages :  |b illustrations ;  |c 17 cm. 
336 |a text  |b txt  |2 rdacontent 
337 |a unmediated  |b n  |2 rdamedia 
338 |a volume  |b nc  |2 rdacarrier 
490 0 |a Collection Armand Colin (Section de physique) no 87 
650 0 |a Electrochemistry. 
999 |a MARS 
999 f f |s bd874d2a-54c7-309a-9005-7581f0d34c44  |i c8aecb76-f0bd-32df-811e-de29b8161f9a  |t 0 
952 f f |p ric  |a Texas A&M University  |b Rellis Campus  |c Joint Library Facility  |d Remote Storage  |t 0  |e QD553 .P6 1948  |h Library of Congress classification  |i unmediated -- volume  |m A14800937351 
998 f f |a QD553 .P6 1948  |t 0  |l Remote Storage